UEFA Cup and UEFA European League Top 4 Positions - Statistics

General Stats
  • This quiz has been taken 29 times
  • The average score is 54 of 93
Answer Stats
1st % Correct
FC Porto
96%
Real Madrid
96%
SL Benfica
96%
AC Milan
93%
Barcelona
93%
Bayern Munich
93%
Inter Milan
93%
Juventus
93%
Sevilla
93%
Arsenal
89%
Atlético Madrid
89%
Bayer Leverkusen
89%
Chelsea
89%
Manchester United
89%
Paris Saint-Germain
89%
Sporting CP
89%
Ajax
85%
AS Roma
85%
Celtic
85%
Eintracht Frankfurt
85%
Olympique Marseille
85%
PSV Eindhoven
85%
Rangers
85%
SS Lazio
85%
Villarreal
85%
Borussia Dortmund
81%
Hamburger SV
81%
Liverpool
81%
Atalanta
78%
Club Brugge
78%
Dynamo Kyiv
78%
Feyenoord
78%
Galatasaray
78%
Tottenham Hotspur
78%
Valencia
78%
Zenit Saint Petersburg
78%
Athletic Bilbao
70%
CSKA Sofia
70%
Olympique Lyonnais
70%
SSC Napoli
70%
Red Star Belgrade
67%
RSC Anderlecht
67%
SC Braga
67%
Torino FC
67%
Fiorentina
63%
Parma Calcio
63%
Girondins de Bordeaux
59%
Schalke 04
59%
VfB Stuttgart
59%
Werder Bremen
59%
AZ Alkmaar
56%
Fenerbahçe
56%
Fulham
56%
Ipswich Town
56%
Newcastle United
56%
RB Leipzig
56%
Red Bull Salzburg
56%
Shakhtar Donetsk
56%
Borussia Mönchengladbach
52%
Dynamo Dresden
52%
Nottingham Forest
52%
West Ham United
52%
1.FC Köln
48%
Espanyol
48%
IFK Göteborg
48%
FC Dnipro
44%
Wolverhampton Wanderers
44%
Deportivo Alavés
41%
Dundee United
41%
FC Twente
41%
CSKA Moscow
37%
FC Basel
37%
RC Lens
37%
SC Bastia
33%
AJ Auxerre
30%
Udinese Calcio
30%
1.FC Kaiserslautern
26%
AEK Athens
22%
Boavista FC
22%
Middlesborough
22%
Derby County
19%
Grasshopper
19%
Osasuna
19%
Austria Salzburg
15%
Celta Vigo
15%
Steaua București
15%
Fehérvár FC
11%
Dinamo București
4%
Radnički Niš
4%
Sochaux-Montbéliard
4%
ADO Den Haag
0%
Bohemians Praha
0%
Lokomotiv Leipzig
0%
No matching quizzes found
Score Distribution
Percent of People with Each Score
Percentile by Number Answered
Your Score History
You have not taken this quiz